[Event "Foment Martinenc op-A 21st"]
[Site "Barcelona"]
[Date "2019.05.18"]
[Round "4"]
[White "Sarrio Vendrell, Nerea"]
[Black "Creixans Comerma, Pol"]
[Result "0-1"]
[WhiteElo "1582"]
[BlackElo "1659"]
[PlyCount "106"]
[EventDate "2019.04.27"]
[EventType "swiss"]
[EventRounds "9"]
[EventCountry "ESP"]
[SourceTitle "EXT 2020"]
[Source "ChessBase"]
[SourceDate "2019.10.17"]
[SourceVersion "1"]
[SourceVersionDate "2019.10.17"]
[SourceQuality "1"]

1. e4 c5 2. Nf3 Nc6 3. d4 cxd4 4. Nxd4 e5 5. Nb5 a6 6. Nd6+ Bxd6 7. Qxd6 Qf6 8. Qxf6 Nxf6 9. Nc3 d5 10. Nxd5 Nxd5 11. exd5 Nb4 12. Bd3 Nxd3+ 13. cxd3 Bf5 14. 0-0 0-0-0 15. f4 Bxd3 16. Rd1 e4 17. Be3 Rxd5 18. Rac1+ Kb8 19. Kf2 f5 20. b3 Rd6 21. Bc5 Rc6 22. Bd4 Rhc8 23. Be3 Rc2+ 24. Rxc2 Rxc2+ 25. Rd2 Rc6 26. Rd1 Kc7 27. Rc1 Rxc1 28. Bxc1 Kc6 29. Bb2 g6 30. g3 Kc5 31. Ke3 Kb4 32. Kd2 Bb1 33. Bc3+ Ka3 34. Ba5 Bxa2 35. b4 Kb3 36. Ke2 Bb1 37. Kd2 Bd3 38. Ke3 Kc4 39. Kd2 Kb5 40. Bc7 Kxb4 41. Bb6 Kb5 42. Bd4 Kb4 43. Kc1 a5 44. Kb2 a4 45. Ka2 a3 46. Ka1 Kb3 47. h3 b5 48. g4 b4 49. gxf5 gxf5 50. h4 Ka4 51. h5 b3 52. h6 e3 53. Bxe3 b2+ 0-1

[Event "Foment Martinenc op-A 21st"]
[Site "Barcelona"]
[Date "2019.04.27"]
[Round "1"]
[White "Romero Moreno, Felix"]
[Black "Sarrio Vendrell, Nerea"]
[Result "1-0"]
[WhiteElo "1904"]
[BlackElo "1582"]
[PlyCount "111"]
[EventDate "2019.04.27"]
[EventType "swiss"]
[EventRounds "9"]
[EventCountry "ESP"]
[SourceTitle "EXT 2020"]
[Source "ChessBase"]
[SourceDate "2019.10.17"]
[SourceVersion "1"]
[SourceVersionDate "2019.10.17"]
[SourceQuality "1"]

1. d4 d5 2. c4 e6 3. Nc3 Nf6 4. Nf3 Nbd7 5. Bf4 c6 6. e3 Be7 7. h3 0-0 8. Bd3 b6 9. 0-0 Bb7 10. Rc1 Rc8 11. Qe2 Ba6 12. Ne5 c5 13. cxd5 Bxd3 14. Qxd3 Nxe5 15. Bxe5 Nxd5 16. Qa6 Qd7 17. Rfd1 Nb4 18. Qe2 Qb7 19. Qg4 g6 20. a3 Nc6 21. Qf3 cxd4 22. exd4 Qd7 23. Qe3 Nxe5 24. dxe5 Qe8 25. Ne4 f6 26. exf6 Bxf6 27. Nxf6+ Rxf6 28. Rxc8 Qxc8 29. Rc1 Qd7 30. Qe5 Rf7 31. Re1 Qd2 32. Re2 Qd1+ 33. Kh2 Re7 34. Re3 Qd7 35. f4 Rf7 36. Rc3 Qd5 37. Rc8+ Rf8 38. Rxf8+ Kxf8 39. Qh8+ Kf7 40. Qxh7+ Kf6 41. Qh4+ Kf7 42. Qh7+ Kf6 43. Qh8+ Kf7 44. Qe5 Qd2 45. h4 Qf2 46. Qc7+ Kf6 47. Qe5+ Kf7 48. Kh3 Qc2 49. Qc3 Qf5+ 50. Kg3 Qe4 51. Qc7+ Kf6 52. Qd8+ Kf7 53. Qd7+ Kf6 54. Qd6 Qe3+ 55. Kh2 Qf2 56. Qf8# 1-0

[Event "Foment Martinenc op-B 20th"]
[Site "Barcelona"]
[Date "2018.06.16"]
[Round "9"]
[White "Sarrio Vendrell, Nerea"]
[Black "Campoy Prades, Marc"]
[Result "0-1"]
[WhiteElo "1720"]
[BlackElo "1764"]
[PlyCount "78"]
[EventDate "2018.04.21"]
[EventType "swiss"]
[EventRounds "9"]
[EventCountry "ESP"]
[SourceTitle "CBM 184 Extra"]
[Source "ChessBase"]
[SourceDate "2018.06.28"]
[SourceVersion "1"]
[SourceVersionDate "2018.06.28"]
[SourceQuality "1"]

1. e4 d5 2. exd5 Nf6 3. Bb5+ Nbd7 4. Nf3 Nxd5 5. d4 c6 6. Be2 g6 7. c4 N5f6 8. b3 Bg7 9. 0-0 0-0 10. Bb2 Nb6 11. Re1 Bg4 12. h3 Bxf3 13. Bxf3 e6 14. Nd2 Qc7 15. Qc2 a5 16. Be2 Rfd8 17. Nf3 Nh5 18. Ne5 Bxe5 19. dxe5 Ng7 20. Bf3 Nf5 21. Rad1 Rxd1 22. Rxd1 Nd7 23. Qe2 h5 24. g4 hxg4 25. hxg4 Nh4 26. Bh1 Kg7 27. Rd3 Rh8 28. Rh3 g5 29. Qe3 Qd8 30. Be4 Nf8 31. Kh2 Nfg6 32. Bxg6 Nxg6 33. Rxh8 Qxh8+ 34. Qh3 Qxh3+ 35. Kxh3 b5 36. cxb5 cxb5 37. a4 Nf4+ 38. Kg3 b4 39. Bc1 Ne2+ 0-1

[Event "Foment Martinenc op-B 20th"]
[Site "Barcelona"]
[Date "2018.05.19"]
[Round "5"]
[White "Taltavull Hidalgo, Artur"]
[Black "Sarrio Vendrell, Nerea"]
[Result "1-0"]
[WhiteElo "1570"]
[BlackElo "1720"]
[PlyCount "103"]
[EventDate "2018.04.21"]
[EventType "swiss"]
[EventRounds "9"]
[EventCountry "ESP"]
[SourceTitle "CBM 184 Extra"]
[Source "ChessBase"]
[SourceDate "2018.06.28"]
[SourceVersion "1"]
[SourceVersionDate "2018.06.28"]
[SourceQuality "1"]

1. e4 e5 2. Nf3 Nc6 3. Bb5 a6 4. Ba4 Nf6 5. 0-0 Be7 6. Re1 b5 7. Bb3 0-0 8. c3 d5 9. exd5 Nxd5 10. d4 exd4 11. Nxd4 Nxd4 12. Qxd4 c6 13. Bxd5 cxd5 14. Bf4 Bf6 15. Be5 Re8 16. Nd2 Bxe5 17. Rxe5 Bb7 18. Rae1 Qd7 19. Nb3 f6 20. R5e3 Bc6 21. Nc5 Rxe3 22. Rxe3 Qf5 23. Qd3 Qxd3 24. Nxd3 Kf7 25. Nc5 a5 26. f3 Re8 27. Kf2 g5 28. Rxe8 Kxe8 29. Ke3 Ke7 30. Kd4 Kd6 31. Nb3 a4 32. Nd2 h5 33. Nf1 h4 34. Ne3 Bb7 35. Ng4 f5 36. Nh6 Ke6 37. Kc5 Kf6 38. Kxb5 Kg6 39. Nxf5 Kxf5 40. Kxa4 Ke5 41. Kb5 d4 42. cxd4+ Kxd4 43. a4 Kd5 44. Kb6 Ba8 45. b4 Kd6 46. b5 h3 47. g3 Bxf3 48. a5 Be4 49. Ka7 Kc5 50. b6 Kb5 51. a6 Ba8 52. b7 1-0

[Event "Foment Martinenc op-B 20th"]
[Site "Barcelona"]
[Date "2018.04.21"]
[Round "1"]
[White "Sarrio Vendrell, Nerea"]
[Black "Creixans Comerma, Pol"]
[Result "0-1"]
[WhiteElo "1720"]
[BlackElo "1476"]
[PlyCount "66"]
[EventDate "2018.04.21"]
[EventType "swiss"]
[EventRounds "9"]
[EventCountry "ESP"]
[SourceTitle "CBM 184 Extra"]
[Source "ChessBase"]
[SourceDate "2018.06.28"]
[SourceVersion "1"]
[SourceVersionDate "2018.06.28"]
[SourceQuality "1"]

1. e4 c5 2. Nf3 d6 3. d4 cxd4 4. Nxd4 Nf6 5. Nc3 g6 6. Bc4 Bg7 7. Be3 0-0 8. f3 Nc6 9. Qd2 Bd7 10. 0-0-0 Rc8 11. Bb3 Nxd4 12. Bxd4 b5 13. g4 a5 14. a3 b4 15. axb4 axb4 16. Na2 Ra8 17. Qxb4 Qc8 18. h4 Be6 19. Qc3 Bxb3 20. Qxb3 Qa6 21. Nb4 Qe2 22. Kb1 Ra5 23. Nc6 Ra6 24. Nxe7+ Kh8 25. Qd3 Rfa8 26. b3 Nxe4 27. Qxe4 Ra1+ 28. Kb2 R8a2+ 29. Kc3 Rxc2+ 30. Qxc2 Bxd4+ 31. Rxd4 Qxf3+ 32. Kc4 Qxh1 33. Rf4 Rc1 0-1

[Event "Foment Martinenc op-B 19st"]
[Site "Barcelona"]
[Date "2017.06.10"]
[Round "8.8"]
[White "Sarrio Vendrell, Nerea"]
[Black "Marques Soriano, Valentin"]
[Result "1-0"]
[WhiteElo "1529"]
[BlackElo "1807"]
[PlyCount "69"]
[EventDate "2017.04.22"]
[EventType "swiss"]
[EventRounds "9"]
[EventCountry "ESP"]
[SourceTitle "EXT 2024"]
[Source "ChessBase"]
[SourceDate "2023.10.10"]
[SourceVersion "1"]
[SourceVersionDate "2023.10.10"]
[SourceQuality "1"]

1. e4 e5 2. Nf3 Nc6 3. Bb5 d6 4. c3 Nf6 5. d3 Be7 6. Be3 0-0 7. 0-0 Bg4 8. h3 Bh5 9. Nbd2 Nd7 10. Re1 Bg6 11. Nf1 f5 12. exf5 Bxf5 13. Ng3 Bg6 14. Ba4 Kh8 15. Bc2 d5 16. Bb3 e4 17. dxe4 dxe4 18. Nd4 Nce5 19. Ne6 Qc8 20. Nxf8 Bxf8 21. Bc2 Nc4 22. Bc1 e3 23. Bxe3 Nxb2 24. Qb1 Bxc2 25. Qxc2 Nc4 26. Bg5 Ndb6 27. Rad1 Bd6 28. Nf5 Qf8 29. Nxd6 Nxd6 30. Qd2 Nbc4 31. Qf4 Qg8 32. Re7 Rf8 33. Qg4 Nf7 34. Qxc4 Nxg5 35. Qxg8+ 1-0

[Event "Foment Martinenc op-B 19st"]
[Site "Barcelona"]
[Date "2017.05.27"]
[Round "6.15"]
[White "Aguilo Cervera, Xavier"]
[Black "Sarrio Vendrell, Nerea"]
[Result "1/2-1/2"]
[WhiteElo "1674"]
[BlackElo "1529"]
[PlyCount "57"]
[EventDate "2017.04.22"]
[EventType "swiss"]
[EventRounds "9"]
[EventCountry "ESP"]
[SourceTitle "EXT 2024"]
[Source "ChessBase"]
[SourceDate "2023.10.10"]
[SourceVersion "1"]
[SourceVersionDate "2023.10.10"]
[SourceQuality "1"]

1. f4 d5 2. e3 e6 3. Nf3 Nf6 4. Be2 Bd6 5. b3 c5 6. Bb2 Nbd7 7. 0-0 0-0 8. c4 b6 9. Qc2 Bb7 10. Nc3 Re8 11. Nd1 Rc8 12. Nf2 e5 13. fxe5 Nxe5 14. Nxe5 Bxe5 15. Bxe5 Rxe5 16. Ng4 Nxg4 17. Bxg4 Rb8 18. Rf4 Qg5 19. Raf1 Re7 20. Bf3 dxc4 21. Qxc4 Qg6 22. Bxb7 Rbxb7 23. Rg4 Qe6 24. Qd3 h6 25. Rgf4 Rbd7 26. Qc3 Qg6 27. R4f3 Qg5 28. Rg3 Qe5 29. Qc2 1/2-1/2

[Event "Foment Martinenc op-B 18th"]
[Site "Barcelona"]
[Date "2016.06.18"]
[Round "9"]
[White "Maqueda Berdugo, Francisco"]
[Black "Sarrio Vendrell, Nerea"]
[Result "1/2-1/2"]
[WhiteElo "1682"]
[BlackElo "1819"]
[PlyCount "93"]
[EventDate "2016.04.23"]
[EventType "swiss"]
[EventRounds "9"]
[EventCountry "ESP"]
[SourceTitle "EXT 2017"]
[Source "ChessBase"]
[SourceDate "2016.10.25"]
[SourceVersion "1"]
[SourceVersionDate "2016.10.25"]
[SourceQuality "1"]

1. e4 e5 2. Nf3 Nc6 3. d4 exd4 4. Nxd4 Nxd4 5. Qxd4 d6 6. Bd3 Nf6 7. 0-0 Be7 8. Nc3 0-0 9. Nd5 Nxd5 10. exd5 Bf6 11. Qe4 g6 12. c3 Bf5 13. Qf3 Bxd3 14. Qxd3 Bg7 15. f4 Re8 16. Bd2 Qh4 17. g3 Qg4 18. Qf3 Qxf3 19. Rxf3 Re2 20. Rf2 Rae8 21. Kf1 Rxf2+ 22. Kxf2 f5 23. Re1 Rxe1 24. Bxe1 c6 25. dxc6 bxc6 26. b3 d5 27. Ke2 Kf7 28. Kd3 Ke6 29. Bf2 a6 30. Bd4 Bf8 31. b4 Be7 32. a3 Bd8 33. c4 a5 34. cxd5+ Kxd5 35. bxa5 Bxa5 36. a4 c5 37. Bc3 c4+ 38. Kd2 Bb6 39. a5 Bg1 40. Ke2 Bxh2 41. Kf2 g5 42. Kg2 gxf4 43. Kxh2 fxg3+ 44. Kxg3 Kc6 45. Kf4 h5 46. Kxf5 h4 47. Kg4 1/2-1/2

[Event "Foment Martinenc op-B 18th"]
[Site "Barcelona"]
[Date "2016.05.21"]
[Round "5"]
[White "Pascual Duran, Pau"]
[Black "Sarrio Vendrell, Nerea"]
[Result "1-0"]
[WhiteElo "1468"]
[BlackElo "1819"]
[PlyCount "73"]
[EventDate "2016.04.23"]
[EventType "swiss"]
[EventRounds "9"]
[EventCountry "ESP"]
[SourceTitle "EXT 2017"]
[Source "ChessBase"]
[SourceDate "2016.10.25"]
[SourceVersion "1"]
[SourceVersionDate "2016.10.25"]
[SourceQuality "1"]

1. e4 e5 2. Nf3 Nc6 3. Bb5 a6 4. Ba4 Nf6 5. 0-0 Bc5 6. Re1 d6 7. h3 0-0 8. c3 b5 9. Bb3 Bb7 10. d4 Bb6 11. Bg5 h6 12. Bh4 Re8 13. Qd3 Nb8 14. Nbd2 Nbd7 15. Nf1 exd4 16. Ng3 dxc3 17. Qxc3 g5 18. Nf5 gxh4 19. Nxh6+ Kh7 20. Nxf7 Qe7 21. Qd2 Ng8 22. N3g5+ Kg7 23. Qf4 Qf6 24. Qxh4 Nh6 25. Re2 Nc5 26. Nxh6 Qxh6 27. Qg4 Nxb3 28. axb3 Qg6 29. Rae1 Ba5 30. Rc1 Re5 31. Qd7+ Kg8 32. h4 Qh5 33. g4 Qxh4 34. Qf7+ Kh8 35. Qf6+ Kg8 36. Qg6+ Kh8 37. Nf7# 1-0

[Event "Foment Martinenc op-B 18th"]
[Site "Barcelona"]
[Date "2016.04.30"]
[Round "2"]
[White "Sarrio Vendrell, Nerea"]
[Black "Bernat Pascual, Magi"]
[Result "0-1"]
[WhiteElo "1819"]
[BlackElo "1527"]
[PlyCount "44"]
[EventDate "2016.04.23"]
[EventType "swiss"]
[EventRounds "9"]
[EventCountry "ESP"]
[SourceTitle "EXT 2017"]
[Source "ChessBase"]
[SourceDate "2016.10.25"]
[SourceVersion "1"]
[SourceVersionDate "2016.10.25"]
[SourceQuality "1"]

1. e4 c6 2. d4 d5 3. exd5 cxd5 4. c4 Nf6 5. Nc3 e6 6. Nf3 dxc4 7. Bxc4 Nc6 8. 0-0 Be7 9. d5 exd5 10. Nxd5 0-0 11. Nxe7+ Qxe7 12. Re1 Qc7 13. b3 Bg4 14. h3 Rad8 15. Qc2 Bxf3 16. gxf3 Nd4 17. Qc3 b5 18. Ba3 Rfe8 19. Rxe8+ Nxe8 20. Rd1 Ne2+ 21. Bxe2 Rxd1+ 22. Bxd1 Qxc3 0-1

[Event "Barcelona Sant Marti op-B 16th"]
[Site "Barcelona"]
[Date "2014.07.20"]
[Round "8"]
[White "Sarrio Vendrell, Nerea"]
[Black "Martin Palau, Roger"]
[Result "1-0"]
[WhiteElo "1792"]
[BlackElo "1750"]
[PlyCount "109"]
[EventDate "2014.07.13"]
[EventType "swiss"]
[EventRounds "9"]
[EventCountry "ESP"]
[SourceTitle "CBM 161 Extra"]
[Source "ChessBase"]
[SourceDate "2014.08.29"]
[SourceVersion "1"]
[SourceVersionDate "2014.08.29"]
[SourceQuality "1"]

1. e4 e5 2. Nf3 Nc6 3. Bb5 a6 4. Ba4 Nf6 5. d3 d6 6. h3 Be7 7. Nc3 0-0 8. 0-0 b5 9. Bb3 Na5 10. Ne2 c5 11. Ng3 Nxb3 12. axb3 Qc7 13. Qe2 Re8 14. Re1 h6 15. Bd2 Bf8 16. Rad1 g6 17. Bc1 Bg7 18. Kh1 Nh7 19. Kg1 Be6 20. c4 Bd7 21. Kh1 Nf8 22. Kg1 Ne6 23. Qc2 bxc4 24. dxc4 Reb8 25. Rd3 Nf4 26. Bxf4 exf4 27. Ne2 g5 28. Nc3 Be6 29. Nd5 Bxd5 30. exd5 a5 31. Ra1 a4 32. Rxa4 Rxa4 33. bxa4 Rxb2 34. Qd1 Ra2 35. Kh2 Rxf2 36. Ra3 Rb2 37. Qe1 Rb4 38. Qe8+ Bf8 39. a5 Rb8 40. Qc6 Qc8 41. Nd2 g4 42. Qxc8 g3+ 43. Kg1 Rxc8 44. a6 Kh7 45. Ne4 Kg6 46. a7 Ra8 47. Ra6 Kf5 48. Nc3 Bg7 49. Nb5 Bd4+ 50. Kf1 f3 51. gxf3 Kf4 52. Kg2 Re8 53. Ra2 Re1 54. Nxd4 cxd4 55. a8Q 1-0

[Event "Barcelona Sant Marti op-B 16th"]
[Site "Barcelona"]
[Date "2014.07.19"]
[Round "7"]
[White "Kazmierczak, Ewa"]
[Black "Sarrio Vendrell, Nerea"]
[Result "1-0"]
[WhiteElo "1563"]
[BlackElo "1792"]
[PlyCount "103"]
[EventDate "2014.07.13"]
[EventType "swiss"]
[EventRounds "9"]
[EventCountry "ESP"]
[SourceTitle "CBM 161 Extra"]
[Source "ChessBase"]
[SourceDate "2014.08.29"]
[SourceVersion "1"]
[SourceVersionDate "2014.08.29"]
[SourceQuality "1"]

1. e4 e5 2. Nf3 Nc6 3. Bb5 a6 4. Ba4 b5 5. Bb3 d6 6. c3 Nf6 7. 0-0 Nxe4 8. Bd5 Nxc3 9. Bxc6+ Bd7 10. Bxd7+ Qxd7 11. dxc3 Be7 12. Bg5 Bxg5 13. Nxg5 Qf5 14. Qd5 0-0 15. Nf3 Qc2 16. Qd2 Qe4 17. Re1 Qc6 18. Na3 Rfe8 19. Nc2 Rad8 20. Rad1 Qc5 21. Qd5 Qb6 22. Nb4 Rf8 23. Nc6 Rde8 24. h3 h6 25. Nh4 Kh8 26. Nf5 Kh7 27. Nb4 Kh8 28. Nxd6 Qxd6 29. Qxd6 cxd6 30. Rxd6 a5 31. Nc6 a4 32. Rd5 Kg8 33. Rdxe5 Rxe5 34. Rxe5 Kh7 35. Rxb5 Re8 36. Re5 Rf8 37. b4 axb3 38. axb3 Rc8 39. Rc5 Re8 40. b4 Re1+ 41. Kh2 Re2 42. b5 Rxf2 43. c4 Re2 44. b6 Rb2 45. Rb5 Rxb5 46. cxb5 f5 47. b7 Kg6 48. b8Q Kh5 49. Qe8+ g6 50. Ne7 f4 51. Qxg6+ Kh4 52. Nf5# 1-0

[Event "Barcelona Sant Marti op-B 16th"]
[Site "Barcelona"]
[Date "2014.07.18"]
[Round "6"]
[White "Sarrio Vendrell, Nerea"]
[Black "Martinez Ferrer, Rafael"]
[Result "0-1"]
[WhiteElo "1792"]
[BlackElo "1931"]
[PlyCount "90"]
[EventDate "2014.07.13"]
[EventType "swiss"]
[EventRounds "9"]
[EventCountry "ESP"]
[SourceTitle "CBM 161 Extra"]
[Source "ChessBase"]
[SourceDate "2014.08.29"]
[SourceVersion "1"]
[SourceVersionDate "2014.08.29"]
[SourceQuality "1"]

1. e4 c5 2. Nf3 d6 3. d4 cxd4 4. Nxd4 Nf6 5. Nc3 g6 6. Bb5+ Bd7 7. Bxd7+ Qxd7 8. 0-0 Bg7 9. Be3 0-0 10. Qd2 Nc6 11. Nf3 Ng4 12. Bf4 Rad8 13. Rad1 Nge5 14. Nxe5 Nxe5 15. Ne2 Qg4 16. Ng3 Nc4 17. Qe2 Qxf4 18. Qxc4 Rc8 19. Qb3 h5 20. Qxb7 Rxc2 21. Qxa7 h4 22. Nh1 Be5 23. g3 Qxe4 24. Rfe1 Qc6 25. gxh4 Qf3 26. Qxe7 Rxb2 27. Qg5 Kg7 28. Rc1 Rh8 29. Re3 Qf4 30. Qxf4 Bxf4 31. Ra1 Bxe3 32. fxe3 Rxh4 33. a4 Rhxh2 34. a5 Ra2 35. Rxa2 Rxa2 36. Ng3 Rxa5 37. Kf2 f5 38. Kf3 Kf6 39. Kf4 Ra4+ 40. Kf3 d5 41. Ne2 g5 42. Kg3 Ra3 43. Kf2 Ke5 44. Ng3 Ra2+ 45. Kf3 g4# 0-1

[Event "Barcelona Sant Marti op-B 16th"]
[Site "Barcelona"]
[Date "2014.07.14"]
[Round "2"]
[White "Sarrio Vendrell, Nerea"]
[Black "Tordera Jumilla, Joaquim"]
[Result "1-0"]
[WhiteElo "1792"]
[BlackElo "1700"]
[PlyCount "67"]
[EventDate "2014.07.13"]
[EventType "swiss"]
[EventRounds "9"]
[EventCountry "ESP"]
[SourceTitle "CBM 161 Extra"]
[Source "ChessBase"]
[SourceDate "2014.08.29"]
[SourceVersion "1"]
[SourceVersionDate "2014.08.29"]
[SourceQuality "1"]

1. e4 c5 2. Nf3 Nf6 3. Nc3 e6 4. d4 cxd4 5. Nxd4 d6 6. Bd3 a6 7. h3 Be7 8. 0-0 Bd7 9. Re1 Nc6 10. Nf3 0-0 11. Ne2 e5 12. Ng3 b5 13. b3 Rc8 14. a4 Rb8 15. axb5 axb5 16. Be3 Nb4 17. Rc1 Ra8 18. Qe2 Na2 19. Ra1 Nc3 20. Qd2 b4 21. Bc4 Rxa1 22. Rxa1 Nfxe4 23. Nxe4 Nxe4 24. Qxb4 d5 25. Qb7 Qc8 26. Qxd5 Bc6 27. Qxe5 Bf6 28. Qa5 Bxa1 29. Qxa1 Nc3 30. Qxc3 Bxf3 31. gxf3 h6 32. Bd4 Qxh3 33. Bxg7 Qg3+ 34. fxg3 1-0

[Event "Foment Martinenc op-C 16th"]
[Site "Barcelona"]
[Date "2014.06.21"]
[Round "9"]
[White "Sarrio Vendrell, Nerea"]
[Black "Bes Alvarez, Alex"]
[Result "0-1"]
[WhiteElo "1774"]
[BlackElo "1700"]
[PlyCount "106"]
[EventDate "2014.04.26"]
[EventType "swiss"]
[EventRounds "9"]
[EventCountry "ESP"]
[SourceTitle "EXT 2015"]
[Source "ChessBase"]
[SourceDate "2014.11.20"]
[SourceVersion "1"]
[SourceVersionDate "2014.11.20"]
[SourceQuality "1"]

1. e4 c5 2. Nf3 d6 3. d4 cxd4 4. Nxd4 g6 5. Bd3 Bg7 6. c3 Nf6 7. Be3 0-0 8. 0-0 h6 9. Qd2 Kh7 10. f4 Nc6 11. Rf3 Ng4 12. Nxc6 bxc6 13. Bd4 e5 14. fxe5 Nxe5 15. Rg3 c5 16. Be3 Ng4 17. Bc4 Nxe3 18. Qxe3 Be6 19. Bd3 Qb6 20. Qe2 c4+ 21. Kh1 cxd3 22. Rxd3 Bc4 23. b4 Bxd3 24. Qxd3 Rac8 25. Qg3 Qa6 26. Qe1 Rfe8 27. h3 f5 28. a4 Rxe4 29. Qf2 Rxb4 30. cxb4 Bxa1 31. Nd2 Qxa4 32. Nf3 Qxb4 33. Qxa7+ Bg7 34. Kh2 Qb8 35. Qe7 d5+ 36. Kh1 Rc1+ 37. Ng1 Qb6 38. Kh2 Rxg1 39. Qe2 Rb1 40. h4 Qb8+ 41. Kh3 Rb3+ 42. Qf3 Rxf3+ 43. gxf3 d4 44. Kg2 d3 45. Kf1 d2 46. Ke2 Qd6 47. Kd1 Bc3 48. f4 Qd3 49. h5 Qb1+ 50. Ke2 d1Q+ 51. Kf2 Qd2+ 52. Kg3 Qg1+ 53. Kf3 Qde3# 0-1

[Event "Foment Martinenc op-C 16th"]
[Site "Barcelona"]
[Date "2014.06.07"]
[Round "7"]
[White "Castro Casal, Francisco Javier"]
[Black "Sarrio Vendrell, Nerea"]
[Result "1-0"]
[WhiteElo "1700"]
[BlackElo "1774"]
[PlyCount "101"]
[EventDate "2014.04.26"]
[EventType "swiss"]
[EventRounds "9"]
[EventCountry "ESP"]
[SourceTitle "EXT 2015"]
[Source "ChessBase"]
[SourceDate "2014.11.20"]
[SourceVersion "1"]
[SourceVersionDate "2014.11.20"]
[SourceQuality "1"]

1. e4 e5 2. Nf3 Nc6 3. Bb5 a6 4. Ba4 Bc5 5. 0-0 d6 6. c3 b5 7. Bc2 Bg4 8. Re1 Nf6 9. d3 h6 10. Nbd2 0-0 11. Nf1 Ne7 12. Ng3 Qd7 13. h3 Bxf3 14. Qxf3 Ng6 15. Nf5 Ne7 16. Ng3 Rad8 17. Nh5 Nxh5 18. Qxh5 Ng6 19. Be3 Qc6 20. Bxc5 Qxc5 21. Re3 Qc6 22. Bb3 Kh8 23. Rf3 Qe8 24. Re1 f6 25. Rg3 Nf4 26. Qg4 Rd7 27. h4 Re7 28. Rge3 Qh5 29. Qxh5 Nxh5 30. d4 Nf4 31. g3 Ng6 32. h5 exd4 33. cxd4 Ne5 34. dxe5 dxe5 35. Rd1 Kh7 36. a4 b4 37. Bc4 a5 38. Rd5 Ra8 39. Red3 c6 40. Rd7 Rxd7 41. Rxd7 Rf8 42. Rc7 Kh8 43. Rxc6 Rd8 44. b3 Rd1+ 45. Kg2 Rd8 46. Ra6 Rf8 47. Rxa5 Kh7 48. Rb5 g6 49. Rb7+ Kh8 50. hxg6 h5 51. Rh7# 1-0